Which country is bigger by area? - Statistics

General Stats
  • This quiz has been taken 191 times
  • The average score is 10 of 15
Answer Stats
Question Answer % Correct
Which country is bigger? Turkey
100%
Which country is bigger? Bosnia & Herzegovina
75%
Which country is bigger? Canada
75%
Which country is bigger? Cape Verde
75%
Which country is bigger? Guatemala
75%
Which country is bigger? Malta
75%
Which country is bigger? Mexico
75%
Which country is bigger? Russia
75%
Which country is bigger? Sweden
75%
Which country is bigger? Tajikistan
75%
Which country is bigger? Argentina
50%
Which country is bigger? Barbados
50%
Which country is bigger? Rwanda
50%
Which country is bigger? South Africa
50%
Which country is bigger? Namibia
25%
No matching quizzes found
Score Distribution
Percent of People with Each Score
Percentile by Number Answered
Your Score History
You have not taken this quiz